00394nam a2200157Ia 4500003000400000005001700004008004100021040000700062041000800069082002300077100002600100245003700126260003700163300002300200365001300223OSt20230405165222.0210423s2008 xx 000 0 und d cAL aeng a658.155 223bVARJ aVARMA (Jayanth Rama). aDerivatives and risk management. aNew DelhibTata McGrawhillc2008 axxii,22.20,I.7bPB b345cINR